000 00835nam a2200217Ia 4500
001 137898
003 229979
005 20250220063012.0
008 ||||||n9999 ||| || ||
082 _a363.5
100 _aDíaz Almeida, Abelardo
_9168678
245 0 _aEcovivienda como estrategia para mejorar la calidad de vida en el programa juntos en el municipio de Palmas Del Socorro, Santander 2010
562 _e1
650 _aCALIDAD DE VIDA--PALMAS DEL SOCORRO (SANTANDER, COLOMBIA)
_9168679
650 _aNECESIDADES DE VIVIENDA
_918604
650 0 _aPolítica de vivienda
_93076
650 _aPOLÍTICAS DE VIVIENDA--PALMAS DEL SOCORRO (SANTANDER, COLOMBIA)
_9168680
650 0 _aProgramas de vivienda
_970630
650 _aPROGRAMAS DE VIVIENDA--PALMAS DEL SOCORRO (SANTANDER, COLOMBIA)
_9168681
942 _cTESIS
999 _c137898
_d137898